| LEADER | 00606cam a2200193 7i4500 | ||
|---|---|---|---|
| 001 | 0000010026 | ||
| 005 | 20060809090000.0 | ||
| 020 | 0 | 0 | |a 0130488224 |
| 090 | 0 | 0 | |a TA330 |b EWE 2005 |
| 100 | 1 | 0 | |a Ewen |
| 245 | 1 | 0 | |a Technical mathematics with calculus |c Dale Ewen, Joan S. Gary, James E. Trefzger. |
| 260 | 0 | 0 | |a New Jersey: |b Pearson Prentice Hall, |c 2005. |
| 300 | |a xxii, 1256 p.: |b ill; |c 26 cm. | ||
| 500 | 0 | 0 | |a Includes index |
| 650 | 0 | 0 | |a Calculus |
| 650 | 0 | 0 | |a Engineering mathematics |
| 700 | 1 | 1 | |a Gary, |h Joan S. |
| 700 | 1 | 1 | |a Trefzger, |h James E. |
| 999 | |a 0000016643 |b BOK |c OPEN SHELF |e 1st Floor, Bestari Jaya | ||


